| 000 -LEADER |
| fixed length control field |
01270cam a22003617a 4500 |
| 001 - CONTROL NUMBER |
| control field |
8564713 |
| 003 - CONTROL NUMBER IDENTIFIER |
| control field |
OSt |
| 005 - DATE AND TIME OF LATEST TRANSACTION |
| control field |
20211027155556.0 |
| 006 - FIXED-LENGTH DATA ELEMENTS--ADDITIONAL MATERIAL CHARACTERISTICS |
| fixed length control field |
m d |
| 007 - PHYSICAL DESCRIPTION FIXED FIELD--GENERAL INFORMATION |
| fixed length control field |
cr n |
| 008 - FIXED-LENGTH DATA ELEMENTS--GENERAL INFORMATION |
| fixed length control field |
100927s2011 nyua sb 001 0 eng d |
| 020 ## - INTERNATIONAL STANDARD BOOK NUMBER |
| International Standard Book Number |
9781441976796 (alk. paper) |
| 035 ## - SYSTEM CONTROL NUMBER |
| System control number |
(WaSeSS)ssj0000449198 |
| 038 ## - RECORD CONTENT LICENSOR |
| Staff Name |
khadija |
| 040 ## - CATALOGING SOURCE |
| Original cataloging agency |
BTCTA |
| Language of cataloging |
eng |
| Transcribing agency |
BTCTA |
| Modifying agency |
YDXCP |
| -- |
CDX |
| -- |
JHE |
| -- |
DLC |
| -- |
WaSeSS |
| 042 ## - AUTHENTICATION CODE |
| Authentication code |
lccopycat |
| 050 #4 - LIBRARY OF CONGRESS CALL NUMBER |
| Classification number |
TK7871.99.M44 |
| Item number |
Y828 2011 |
| 050 #4 - LIBRARY OF CONGRESS CALL NUMBER |
| Classification number |
TK7871.99.M44 |
| 082 ## - DEWEY DECIMAL CLASSIFICATION NUMBER |
| Classification number |
621.395 |
| Author Mark |
YUA |
| 100 1# - MAIN ENTRY--PERSONAL NAME |
| Personal name |
Yuan, Fei, |
| Dates associated with a name |
1964- |
| 9 (RLIN) |
83486 |
| 210 10 - ABBREVIATED TITLE |
| Abbreviated title |
CMOS circuits for passive wireless microsystems |
| 245 10 - TITLE STATEMENT |
| Title |
CMOS circuits for passive wireless microsystems / |
| Statement of responsibility, etc. |
Fei Yuan. |
| 260 ## - PUBLICATION, DISTRIBUTION, ETC. |
| Place of publication, distribution, etc. |
New York : |
| Name of publisher, distributor, etc. |
Springer, |
| Date of publication, distribution, etc. |
c2011. |
| 504 ## - BIBLIOGRAPHY, ETC. NOTE |
| Bibliography, etc. note |
Includes bibliographical references and index. |
| 506 ## - RESTRICTIONS ON ACCESS NOTE |
| Terms governing access |
License restrictions may limit access. |
| 563 ## - BINDING INFORMATION |
| Binding note |
Hardcover |
| 650 #0 - SUBJECT ADDED ENTRY--TOPICAL TERM |
| Topical term or geographic name entry element |
Metal oxide semiconductors, Complementary. |
| 9 (RLIN) |
15118 |
| 650 #0 - SUBJECT ADDED ENTRY--TOPICAL TERM |
| Topical term or geographic name entry element |
Passive components. |
| 9 (RLIN) |
83487 |
| 773 #0 - HOST ITEM ENTRY |
| Title |
SpringerLink ebooks - Engineering (2011) |
| 856 40 - ELECTRONIC LOCATION AND ACCESS |
| Uniform Resource Identifier |
<a href="http://www.columbia.edu/cgi-bin/cul/resolve?clio8564713">http://www.columbia.edu/cgi-bin/cul/resolve?clio8564713</a> |
| Public note |
Full text available from SpringerLink ebooks - Engineering (2011) |
| 910 ## - USER-OPTION DATA (OCLC) |
| User-option data |
Library of Congress record |
| 942 ## - ADDED ENTRY ELEMENTS (KOHA) |
| Source of classification or shelving scheme |
|
| Koha item type |
Book |